000
00247nam a2200097Ia 4500
001
677625
005
20250826161022.0
008
250824s9999 xx 000 0 und d
245
0
_a
SAKLI HAZİNE
_c
İSMAİL BİLGİN
260
_b
GENÇ TİMAŞ YAYINLARI
999
_c
677625
_d
677625